| 000 | 00388nam a2200145 i 4500 | ||
|---|---|---|---|
| 001 | bg | ||
| 100 | 1 | _aNOWARA, Wiesław | |
| 245 | 0 |
_aWytyczne wykonywania projektów budowlanych / _cWiesław Nowara, Remigiusz Wiktorski. |
|
| 260 |
_aBiałystok, _c1973. |
||
| 700 | 1 | _aWIKTORSKI, Remigiusz | |
| 040 | _cBPK | ||
| 041 | _apol | ||
| 942 | _cKS | ||
| 008 | s pl f |000 0 pol | ||
| 999 |
_c26095 _d26095 |
||
| 856 |
_uhttp://koha.tu.koszalin.pl/cgi-bin/koha/opac-detail.pl?biblionumber=26095 _yKatalog online BPK |
||